Visualizzazione normale
Vista MARC
- Mara Jean-Claude
di Personal Name
Records bibliografici associati: 1
001 - CONTROL NUMBER
- control field: 21089
003 - CONTROL NUMBER IDENTIFIER
- control field: IT-RoPau
005 - DATE AND TIME OF LATEST TRANSACTION
- control field: 20140418083444.0
008 - FIXED-LENGTH DATA ELEMENTS
- fixed length control field: 140418|| aca||aabn | a|a d
040 ## - CATALOGING SOURCE
- Original cataloging agency: IT-RoPau
- Transcribing agency: IT-RoPau
100 ## - HEADING--PERSONAL NAME
- Personal name: Mara Jean-Claude
- Miscellaneous information: Codice interprete SPICS: 10018
- Relator term: Interprete
670 ## - SOURCE DATA FOUND
- Source citation: Work cat.: (IT-RoPau)100700: Mara Jean-Claude 16391, Evocazioni musicali (flauto di pan e organo)